000 00408cam a22001217a 4500
008 180718b1987 xxu||||| |||| 00| 0 eng d
082 _aPx73 So54
100 _aSolomon, Barbara Miller
245 _aIn the company of educated women: a history of women and higher education in America
_cby Barbara Miller Solomon
260 _aNew Delhi
_bAsian Books
_c1987
300 _a298p.
650 _aWomen education - USA
999 _c493167
_d493167